000 00903nam a2200253 a 4500
001 855
003 BR-CuiBMT
005 20231121194753.0
008 231113s2002 spba 001 0 por d
020 _a9788522447978
040 _aBR-CuiBMT
_cBR-CuiBMT
080 _a352:336.14
_22007
090 _a352:336.14
_bA553c
100 1 _aAndrade, Nilton de Aquino
245 1 0 _aContabilidade pública na gestão municipal :
_bnovos métodos após a LC nº 101/00 e as classificações contábeis advindas da SOF e STN /
_cNilton de Aquino Andrade.
260 _aSão Paulo :
_bAtlas,
_c2002.
300 _a317 p. :
_bil. ;
_c24 cm
504 _aInclui bibliografia e índice.
590 _aA Biblioteca possui a 2. reimpr. de 2008.
650 _aFinanças públicas
_xPlanejamento
_zBrasil
650 _aFinanças públicas
_xContabilidade
650 _aAdministração municipal
_zBrasil
942 _2udc
_cLV
999 _c855
_d855